| 000 | 00566nam a22001697a 4500 | ||
|---|---|---|---|
| 003 | OSt | ||
| 005 | 20251114085019.0 | ||
| 008 | 251114b |||||||| |||| 00| 0 eng d | ||
| 020 | _a0761328629 | ||
| 040 | _cTWENTY -FIRST CENTURY BOOKS | ||
| 050 |
_aHV 6432 .G67 2003 _b.G67 2003 |
||
| 245 |
_aHOMELAND SECURITY VERSUS CONSTITUTIONAL RIGHTS/ _cGOTTFRIED, TEDD |
||
| 250 | _a1ST EDITION | ||
| 260 |
_aBROOKFIELD : _bTWENTY FIRST CENTURY BOOKS, _c2003 |
||
| 300 |
_a127p , _bhardcover, ill.: som col, inclides bibliographic and references, _c23.4 cm |
||
| 942 |
_2lcc _cBK _n0 |
||
| 999 |
_c9808 _d9808 |
||